[Event "ROM-chT"]
[Site "Sovata"]
[Date "1999.04.19"]
[Round "4"]
[White "Iordachescu, Viorel"]
[Black "Ghinda, Mihail Viorel"]
[Result "1-0"]
[WhiteElo "2539"]
[BlackElo "2469"]
[PlyCount "65"]
[EventDate "1999.04.16"]
[EventType "team"]
[EventRounds "5"]
[EventCountry "ROU"]
[SourceTitle "EXT 2000"]
[Source "ChessBase"]
[SourceDate "1999.11.16"]
[SourceVersion "1"]
[SourceVersionDate "1999.11.16"]
[SourceQuality "1"]

1. e4 c5 2. Nf3 d6 3. Bb5+ Bd7 4. Bxd7+ Qxd7 5. c4 Nc6 6. 0-0 Nf6 7. Nc3 Ne5 8. Nxe5 dxe5 9. Qe2 e6 10. f4 exf4 11. e5 Ng8 12. d3 Ne7 13. Bxf4 Nc6 14. Ne4 0-0-0 15. Rad1 Be7 16. Kh1 Nd4 17. Qf2 f5 18. Nd6+ Bxd6 19. exd6 Qc6 20. b4 Rxd6 21. Bxd6 Qxd6 22. bxc5 Qxc5 23. Rb1 Rd8 24. Rfe1 g5 25. a4 h5 26. Qe3 Qe7 27. a5 a6 28. Rb6 Rd7 29. Reb1 Nc6 30. Qf3 Qd6 31. Qxh5 Qxd3 32. Rxc6+ bxc6 33. Qe8+ 1-0

[Event "Ano Liosia op"]
[Site "Athens"]
[Date "1998.01.10"]
[Round "8"]
[White "Georgiev, Krum"]
[Black "Ghinda, Mihail Viorel"]
[Result "1/2-1/2"]
[WhiteElo "2525"]
[BlackElo "2470"]
[PlyCount "51"]
[EventDate "1998.01.03"]
[EventType "swiss"]
[EventRounds "9"]
[EventCountry "GRE"]
[SourceTitle "CBM 062 Extra"]
[Source "ChessBase"]
[SourceDate "1998.03.09"]
[SourceVersion "1"]
[SourceVersionDate "1998.03.09"]
[SourceQuality "1"]

1. e4 c5 2. b3 Nf6 3. e5 Nd5 4. Bb2 Nc6 5. Nf3 e6 6. g3 Be7 7. Bg2 0-0 8. 0-0 d6 9. Na3 dxe5 10. Nxe5 Nxe5 11. Bxe5 Bf6 12. Qe2 Bxe5 13. Qxe5 f6 14. Qe2 Rb8 15. f4 b6 16. Rae1 Nc7 17. Rf2 Re8 18. Bc6 Bd7 19. Be4 g6 20. c3 Qc8 21. Nc4 Bb5 22. a4 Ba6 23. h4 Qd7 24. Qf3 Bxc4 25. Bc6 Qd3 26. bxc4 1/2-1/2

[Event "ROM-chT"]
[Site "Timisu de Sus"]
[Date "1998.??.??"]
[Round "5"]
[White "Ghinda, Mihail Viorel"]
[Black "Bogdan, Dan"]
[Result "1/2-1/2"]
[WhiteElo "2475"]
[BlackElo "2400"]
[PlyCount "32"]
[EventDate "1998.11.??"]
[EventType "team"]
[EventRounds "5"]
[EventCountry "ROU"]
[SourceTitle "EXT 2000"]
[Source "ChessBase"]
[SourceDate "1999.11.16"]
[SourceVersion "1"]
[SourceVersionDate "1999.11.16"]
[SourceQuality "1"]

1. e4 c5 2. Nf3 Nc6 3. d4 cxd4 4. Nxd4 g6 5. c4 Bg7 6. Be3 d6 7. Nc3 Nf6 8. Be2 0-0 9. 0-0 Bd7 10. Qd2 Nxd4 11. Bxd4 Bc6 12. f3 a5 13. b3 Nd7 14. Be3 Nc5 15. Rab1 Qb6 16. Rfc1 Rfc8 1/2-1/2

[Event "Centrocoop June op-A"]
[Site "Eforie Nord "]
[Date "1998.??.??"]
[Round "?"]
[White "Ghinda, Mihail Viorel"]
[Black "Romcovici, Victor"]
[Result "1-0"]
[WhiteElo "2470"]
[BlackElo "2205"]
[PlyCount "56"]
[EventDate "1998.06.??"]
[EventType "swiss"]
[EventRounds "11"]
[EventCountry "ROU"]
[SourceTitle "EXT 2000"]
[Source "ChessBase"]
[SourceDate "1999.11.16"]
[SourceVersion "1"]
[SourceVersionDate "1999.11.16"]
[SourceQuality "1"]

1. e4 Nf6 2. e5 Nd5 3. d4 d6 4. Nf3 Bg4 5. Be2 e6 6. h3 Bh5 7. 0-0 Be7 8. c4 Nb6 9. Nc3 0-0 10. Be3 Nc6 11. exd6 cxd6 12. d5 Bxf3 13. Bxf3 Ne5 14. dxe6 fxe6 15. Bg4 Nxg4 16. Qxg4 Rf6 17. Rad1 Rg6 18. Qe2 Qc7 19. b3 Qc6 20. f4 d5 21. f5 Rg3 22. Bd4 Bc5 23. Qe5 Bxd4+ 24. Rxd4 Rg5 25. Qxe6+ Kh8 26. Qe3 Qh6 27. Qd3 Rf8 28. Nxd5 Nd7 1-0

[Event "Centrocoop Sept op-A"]
[Site "Eforie Nord"]
[Date "1998.??.??"]
[Round "?"]
[White "Romcovici, Victor"]
[Black "Ghinda, Mihail Viorel"]
[Result "1/2-1/2"]
[WhiteElo "2175"]
[BlackElo "2475"]
[PlyCount "100"]
[EventDate "1998.09.??"]
[EventType "swiss"]
[EventRounds "11"]
[EventCountry "ROU"]
[SourceTitle "EXT 2000"]
[Source "ChessBase"]
[SourceDate "1999.11.16"]
[SourceVersion "1"]
[SourceVersionDate "1999.11.16"]
[SourceQuality "1"]

1. e4 g6 2. Nc3 Bg7 3. f4 c6 4. d3 d5 5. Bd2 Nf6 6. g3 Qb6 7. Na4 Qc7 8. e5 Ng4 9. h3 Nh6 10. g4 c5 11. Nc3 d4 12. Ne4 f6 13. exf6 exf6 14. Qe2 0-0 15. 0-0-0 f5 16. Nf2 Qf7 17. Kb1 Re8 18. Qf3 Be6 19. Bg2 Bxa2+ 20. Kc1 Nc6 21. b3 Rad8 22. Re1 Re3 23. Bxe3 dxe3 24. Rxe3 Bxb3 25. cxb3 Qxb3 26. Nd1 Nb4 27. Kd2 Bd4 28. Ke2 Bxe3 29. Qxe3 fxg4 30. Be4 c4 31. d4 Qa2+ 32. Kf1 Qa1 33. Ne2 Qxd1+ 34. Kg2 Qb3 35. Nc3 Nc2 36. Bd5+ Kf8 37. Qe6 Rxd5 38. Nxd5 Qf3+ 39. Kg1 Qd1+ 40. Kg2 Qd2+ 41. Kf1 Qd1+ 42. Kg2 gxh3+ 43. Rxh3 Ne1+ 44. Kf2 Ng4+ 45. Kg3 Qf3+ 46. Kh4 Ng2+ 47. Kg5 Qxh3 48. Qe7+ Kg8 49. Qe8+ Kg7 50. Qd7+ Kf8 1/2-1/2